000 00476nam a2200181Ia 4500
001 16961
005 20260306170349.0
008 260306t2000||||xx |||||||||||||| ||und||
041 _aESP
082 _a657.3
_bV19N 2000
100 _aValdivia Loayza, Carlos
_eAUT
245 0 _aNormas internacionales de contabilidad:
_binterpretación y casuistica
260 _c2000
300 _a750 pƔginas :
_c21 cm.
650 _aGEN
654 _aCCO
942 _cLIB
_dJUS
_fJUS
_2ddc
_n
999 _c16961
_d16961